000
00307nam a2200121 a 4500
008
110428s1990|||| d
245
1
0
_a
Francúzsko/slovenský frazeologický slovník
100
1
_a
Grundlerová, Viera
260
_b
SPN
_c
1990
_a
Bratislava
020
_c
99
044
_a
xo
_c
SK
041
_a
slo
999
_c
19247
_d
19247